Từ điển từ Việt cổ
Từ điển giải thích nghĩa các từ Việt cổ có dẫn chứng dựa vào các văn bản Nôm cổ hoặc từ điển cổ
সংরক্ষণ করুন:
| প্রধান লেখক: | |
|---|---|
| বিন্যাস: | গ্রন্থ |
| ভাষা: | Undetermined |
| প্রকাশিত: |
Hà Nội
Văn hóa Thông tin
2001
|
| বিষয়গুলি: | |
| ট্যাগগুলো: |
ট্যাগ যুক্ত করুন
কোনো ট্যাগ নেই, প্রথমজন হিসাবে ট্যাগ করুন!
|
| Thư viện lưu trữ: | Trung tâm Học liệu Trường Đại học Cần Thơ |
|---|
| LEADER | 00754nam a2200205Ia 4500 | ||
|---|---|---|---|
| 001 | CTU_40341 | ||
| 008 | 210402s9999 xx 000 0 und d | ||
| 020 | |c 36000 | ||
| 082 | |a 495.92203 | ||
| 082 | |b S105 | ||
| 100 | |a Nguyễn, Ngọc San | ||
| 245 | 0 | |a Từ điển từ Việt cổ | |
| 245 | 0 | |c Nguyễn Ngọc San, Đinh Văn Thiện | |
| 260 | |a Hà Nội | ||
| 260 | |b Văn hóa Thông tin | ||
| 260 | |c 2001 | ||
| 520 | |a Từ điển giải thích nghĩa các từ Việt cổ có dẫn chứng dựa vào các văn bản Nôm cổ hoặc từ điển cổ | ||
| 650 | |a Vietnamese language | ||
| 904 | |i Nguyên sửa | ||
| 980 | |a Trung tâm Học liệu Trường Đại học Cần Thơ | ||